000 00486nam a2200181 i 4500
001 16753
003 ES-MaACL
005 20230906151406.0
007 t|
008 001030s1992 sp ||||1| spa d
020 _a84-604-0927-9
080 _a821.134.2-14"19"
100 1 _aFigueroa, Diego.
_950778
245 1 0 _aSonetos /
_cDiego Figueroa.
260 _aMadrid :
_b[D. Figueroa,
_c1992]
300 _a39 p. ;
_c17 cm.
852 _aES-MaACL
_j2154-F-31
_q. - Ded. autógr. del autor
999 _c16753
_d16753